00580cam a2200169 4500008004100000020001500041035001200056100002600068245008400094260006700178300003500245504004300280506001300323650002500336650002700361650002200388051005r19952005enk 000 0 eng u a0521479800 aa4493771 aForman, Richard T. T.10aLand mosaics : bthe ecology of landscapes and regions / cRichard T.T. Forman. aCambridge ; aNew York : bCambridge University Press, cr2005 axx, 632 p. : bils. ; c26 cm. aBibliografía : p. 525-604 e índice aPifi 3.1 4aPolítica ambiental 4aEcología del paisaje 4aEcología humana